Central Library OPAC University of Rajshahi

শ্রীমদ্ভগবদ গীতারহস্য অথবা কর্মযোগশাস্ত্র / (Record no. 45391)

MARC details
000 -LEADER
fixed length control field 01012nam a22002537a 4500
001 - CONTROL NUMBER
control field 45391
003 - CONTROL NUMBER IDENTIFIER
rucl marc code BD-RjUL
005 - DATE AND TIME OF LATEST TRANSACTION
control field 20211209054015.0
008 - FIXED-LENGTH DATA ELEMENTS--GENERAL INFORMATION
fixed length control field 160725s1978 ii ||||| |||| 00| 0 ben d
020 ## - INTERNATIONAL STANDARD BOOK NUMBER
Terms of availability : IRs 25.00
035 ## - SYSTEM CONTROL NUMBER
System control number (BD-RjUL)45509
040 ## - CATALOGING SOURCE
Original cataloging agency BD-RjUL
Language of cataloging ben
Transcribing agency BD-RjUL
041 ## - LANGUAGE CODE
Language code of text/sound track or separate title ben
082 ## - DEWEY DECIMAL CLASSIFICATION NUMBER
Edition number 23
Classification number 294.5
Author mark and year TIS 1978
100 ## - MAIN ENTRY--PERSONAL NAME
Personal name তিলক, বাল-গঙ্গাধর
9 (RLIN) 138970
245 10 - TITLE STATEMENT
Title শ্রীমদ্ভগবদ গীতারহস্য অথবা কর্মযোগশাস্ত্র /
Statement of responsibility, etc. বাল-গঙ্গাধর তিলক
250 ## - EDITION STATEMENT
Edition statement ২য় সং
260 ## - PUBLICATION, DISTRIBUTION, ETC. (IMPRINT)
Place of publication, distribution, etc. কলিকাতা :
Name of publisher, distributor, etc. হরফ প্রকাশনী,
Date of publication, distribution, etc. ১৯৭৮
300 ## - PHYSICAL DESCRIPTION
Pagination ৭৭০ পৃ. ;
Size ১৯ সেমি.
650 ## - SUBJECT ADDED ENTRY--TOPICAL TERM
Topical term or geographic name as entry element হিন্দুত্ত্ববাদ
9 (RLIN) 138971
Topical term or geographic name as entry element Hinduism
9 (RLIN) 138972
700 ## - ADDED ENTRY--PERSONAL NAME
Personal name ঠাকুর, জ্যোতিরিন্দ্রনাথ, অনুবাদ
942 ## - ADDED ENTRY ELEMENTS (KOHA)
Source of classification or shelving scheme Dewey Decimal Classification
Koha item type Books
Holdings
Lost status Source of classification or shelving scheme Damaged status Not for loan Collection code Permanent Location Current Location Shelving location Date acquired Source of acquisition Cost, normal purchase price Total Checkouts Full call number Date last seen Copy number Koha item type
  Dewey Decimal Classification     Non-fiction Central Library, University of Rajshahi Central Library, University of Rajshahi   28/05/1980 calcutta: Indian International 25.00   B 294.5 TIS 1978 25/07/2016 C-2 Books